| 000 | 00543cam a22002051 4500 | ||
|---|---|---|---|
| 001 | sa 64009076 | ||
| 003 | DLC | ||
| 005 | 20260227112059.0 | ||
| 008 | 881102s1964 xx 000 0 hino | ||
| 010 | _asa 64009076 | ||
| 035 | _a(OCoLC)23539100 | ||
| 040 |
_aDLC _cMiU _dDLC |
||
| 050 | 0 | 0 |
_aPK1937 _b.L3 |
| 245 | 0 | 0 | _aLaghutara Hindī śabdasāgara. |
| 260 | _c[1964] | ||
| 300 |
_a3, 4, 1254 p. _c14 cm. |
||
| 650 | 0 |
_aHindi language _vDictionaries. |
|
| 700 | 1 |
_aTripāṭhī, Karuṇāpati _eed. |
|
| 830 | 0 |
_aKośa granthamālā ; _v4. |
|
| 999 |
_c61240 _d61240 |
||